Trabajo pedagógico en las organizaciones magisteriales
Uloženo v:
| Hlavní autoři: | , |
|---|---|
| Médium: | Kniha |
| Jazyk: | španělština |
| Vydáno: |
Santiago
Piie
1994
|
| Témata: | |
| Tagy: |
Přidat tag
Žádné tagy, Buďte první, kdo vytvoří štítek k tomuto záznamu!
|
MARC
| LEADER | 00000nam a2200000 a 4500 | ||
|---|---|---|---|
| 001 | UCU9416 | ||
| 003 | CL-VaPUC | ||
| 008 | 960816e19940000CL |||||||||||||||||spa|d | ||
| 082 | 0 | 4 | |a 370.1 |b ASS |2 21 |
| 100 | |a Assael, Jenny |e author |9 312225 | ||
| 700 | 0 | |a Guzmán E., Isabel |e author |9 368533 | |
| 245 | 1 | 0 | |a Trabajo pedagógico en las organizaciones magisteriales |
| 300 | |a 139 p | ||
| 942 | |c BK | ||
| 945 | |d 19960816 00:00:00 |a rleighto | ||
| 260 | |a Santiago |b Piie |c 1994 | ||
| 650 | 0 | |a Educación |9 258661 | |
| 650 | 0 | |a Calidad de la educación |9 307271 | |
| 650 | 0 | |a Escuelas |9 308582 | |
| 650 | 0 | |a Metodología |9 256610 | |
| 650 | 7 | |a TECNICAS DE INVESTIGACION |2 CL-VaPUC |9 368534 | |
| 650 | 0 | |a Investigación educacional |9 261192 | |
| 650 | 0 | |a Disciplina escolar |9 271077 | |
| 651 | 0 | |a América Latina |9 255027 | |
| 583 | |a last modification |c 19960816 00:00:00 |k Rodrigo Vera | ||
| 999 | |c 251164 |d 251162 | ||
| 952 | |0 0 |1 0 |4 0 |6 370_100000000000000_ASS_1994 |7 0 |8 A |9 270143 |a BIBEDU |b BIBEDU |d 2019-11-19 |i 3221334 |o 370.1 ASS 1994 |p 3221334 |r 2019-11-19 |w 2019-11-19 |y BK |k EDU | ||